Конспективная серия. Б-4. № 64: Сборник задач по сопротивлению материалов с решениями (Запись № 13573586)

Подробности
000 -МАРКЕР
контрольное поле 00875nam2a2200229 4500
001 - ИДЕНТИФИКАТОР ЗАПИСИ
контрольное поле rc\2836182
005 - ИДЕНТИФИКАТОР ВЕРСИИ
контрольное поле 20260315045540.0
035 ## - ДРУГИЕ СИСТЕМНЫЕ НОМЕРА
Идентификатор записи (NLR Aleph) 006993933
100 ## - ДАННЫЕ ОБЩЕЙ ОБРАБОТКИ
Данные общей обработки 20110628d1927 u y0rusy50 ca
101 0# - ЯЗЫК РЕСУРСА
Язык текста, звукозаписи и т.д. русский
102 ## - СТРАНА ПУБЛИКАЦИИ ИЛИ ПРОИЗВОДСТВА
Страна публикации Российская Федерация
105 ## - ПОЛЕ КОДИРОВАННЫХ ДАННЫХ: ТЕКСТОВЫЕ МАТЕРИАЛЫ, МОНОГРАФИЧЕСКИЕ
Кодированные данные о монографическом текстовом документе y z |||||
200 1# - ЗАГЛАВИЕ И СВЕДЕНИЯ ОБ ОТВЕТСТВЕННОСТИ
Основное заглавие Сборник задач по сопротивлению материалов с решениями
210 ## - ПУБЛИКАЦИЯ, РАСПРОСТРАНЕНИЕ И ДР.
Дата издания, распространения и т.д. 1927
461 #0 - УРОВЕНЬ НАБОРА
Встроенное поле 001rc\2836181
-- 2001#$aКонспективная серия. Б-4$e№ XIII-64, 69, 76, 78-80, 64, 86, 95$v№ 64
Системный номер (АБИС) связанной записи 5653825
Место публикации Москва
Дата публикации 1927-1929
Имя издателя, распространителя и т.д. Гос. техн. изд-во
Сведения, относящиеся к заглавию № XIII-64, 69, 76, 78-80, 64, 86, 95
Физическая характеристика 8 т.
Заглавие Конспективная серия. Б-4
Номер тома № 64
700 #1 - ИМЯ ЛИЦА - ПЕРВИЧНАЯ ОТВЕТСТВЕННОСТЬ
Начальный элемент ввода Гарен
Часть имени, кроме начального элемента ввода Р.
801 #0 - ИСТОЧНИК ЗАПИСИ
Страна Российская Федерация
Организация NLR
Правила каталогизации psbo
801 #1 - ИСТОЧНИК ЗАПИСИ
Страна Российская Федерация
Организация ELAR
Источник данных rusmarc
852 ## - МЕСТОНАХОЖДЕНИЕ И ШИФР ХРАНЕНИЯ
Идентификатор организации NLR
Шифр хранения (Call Number) 49/486
942 ## - ДОПОЛНИТЕЛЬНЫЕ ЭЛЕМЕНТЫ ЗАПИСИ (АБИС)
Тип экземпляра АБИС Неопределено
980 ## - КОЛЛЕКЦИЯ
Название коллекции Национальная библиография

Нет доступных экземпляров.